00653nam a2200205Ia 4500008004100000050001400041050001500055100002400070245008000094245008900174260003100263260001000294260001000304300001500314300002000329300001100349500005600360521001200416999001900428170504s9999 xx 000 0 und d aHD 30.28  b.Il27 2016 aIlago, Kent Mozart. 2aA tourism development plan for the manila zoological and botanical garden / cKent Mozart Ilago, Sushila Maxelle Quilat, Mary Rosebelle Reyes, Marvelyn Talamayan. aLas Piñas, Philippines : bSISC, c2016. a85 pages : billustrations ; c28 cm. aIncludes bibliographical references and appendices. aTourism c329728d329728